000 00318nam a2200145Ia 4500
100 _aBanerjee/H.R.
942 _cRB
654 _aComputer
245 _aAn Encyclopedia of Computer Terminology
260 _bJaico Pub
_aBombay
_c1996
082 _a4.01403
_bBAN
300 _a220
546 _aENGLISH
999 _c18808
_d18808